[Event "11th Reykjavik op"]
[Site "Reykjavik ISL"]
[Date "1984.02.20"]
[Round "6"]
[White "Lagerman, Robert"]
[Black "Gutman, Lev"]
[Result "0-1"]
[WhiteElo "2295"]
[BlackElo "2480"]
[EventDate "1984.02.14"]
[PlyCount "92"]

1.e4 c5 2.Nf3 d6 3.d4 cxd4 4.Nxd4 Nf6 5.Nc3 e6 6.Be3 Be7 7.f3 O-O 8.Qd2 d5
9.e5 Nfd7 10.f4 Nc6 11.Be2 Nb6 12.O-O Bd7 13.Ncb5 Na4 14.Nd6 Nxb2 15.Rab1 
Bxd6 16.exd6 Na4 17.Bd3 Nb6 18.f5 exf5 19.Nxf5 Bxf5 20.Rxf5 Qxd6 21.Qf2 
Nd7 22.Qh4 h6 23.Rbf1 Ne7 24.Rh5 Ng6 25.Qh3 Nf6 26.Rhf5 Ne4 27.Bxh6 gxh6 
28.Qxh6 Qc5+ 29.Kh1 Qd4 30.Qh3 Kg7 31.Qf3 f6 32.c3 Qb6 33.Rxd5 Ng5 34.Qf5 
Ne7 35.Rd7 Rf7 36.Qg4 Rd8 37.Rxd8 Qxd8 38.Bf5 Nxf5 39.Qxf5 Qd7 40.Qf2 Qd8 
41.h4 Ne4 42.Qf4 f5 43.g3 Qd5 44.Kh2 Qd2+ 45.Qxd2 Nxd2 46.Re1 Nf3+ 0-1

[Event "11th Reykjavik op"]
[Site "Reykjavik ISL"]
[Date "1984.02.20"]
[Round "6"]
[White "Hector, Jonny"]
[Black "Johannesson, Larus"]
[Result "1-0"]
[WhiteElo "2350"]
[BlackElo "2300"]
[EventDate "1984.02.14"]
[PlyCount "68"]

1.e4 e6 2.d4 d5 3.Nc3 Bb4 4.Ne2 dxe4 5.a3 Be7 6.Nxe4 Nc6 7.Bf4 Nf6 8.Qd3 
b6 9.O-O-O Bb7 10.N2c3 O-O 11.Rg1 Nd5 12.Nxd5 exd5 13.Nc3 Bf6 14.Be3 Bc8 
15.g4 g6 16.f4 Re8 17.Kb1 Bg7 18.h4 f5 19.h5 Ne7 20.Bh3 Kf7 21.Bf2 fxg4 
22.Bxg4 Bxg4 23.Rxg4 Nf5 24.hxg6+ hxg6 25.Rdg1 Re6 26.Qxf5+ gxf5 27.Rxg7+ 
Ke8 28.Nb5 Rh6 29.Nxc7+ Kf8 30.Ne6+ Rxe6 31.Rg8+ Ke7 32.Bh4+ Rf6 33.Rxd8 
Rxd8 34.Rg6 Rh8 1-0

[Event "11th Reykjavik op"]
[Site "Reykjavik ISL"]
[Date "1984.02.20"]
[Round "6"]
[White "Hjartarson, Johann"]
[Black "Arnason, Jon"]
[Result "1-0"]
[WhiteElo "2415"]
[BlackElo "2500"]
[EventDate "1984.02.14"]
[PlyCount "91"]

1.d4 Nf6 2.c4 e6 3.Nf3 c5 4.d5 exd5 5.cxd5 d6 6.Nc3 g6 7.Bf4 a6 8.a4 Bg7 
9.e4 Bg4 10.Be2 Nh5 11.Bg5 Bf6 12.Bh6 Nd7 13.Nd2 Bxe2 14.Qxe2 Bg5 15.Bxg5 
Qxg5 16.g3 O-O 17.f4 Qe7 18.O-O f5 19.Rae1 Rae8 20.Nc4 b5 21.axb5 axb5 22.
Nxb5 Qxe4 23.Qd2 Qxc4 24.Nxd6 Rxe1 25.Nxc4 Re4 26.Nd6 Rd4 27.Qe2 Nhf6 28.
Qe6+ Kg7 29.Ra1 Rb8 30.Qe7+ Kg8 31.Qf7+ Kh8 32.Nb5 Re4 33.Nc7 Rf8 34.Ra8 
Rxa8 35.Nxa8 Re1+ 36.Kf2 Rb1 37.Nc7 Rxb2+ 38.Ke1 Rb8 39.Ne6 Rg8 40.d6 h6 
41.Kd1 g5 42.Qe7 gxf4 43.Nxf4 Rg7 44.Qe6 Rg8 45.Nh5 Nxh5 46.Qxh6# 1-0

[Event "11th Reykjavik op"]
[Site "Reykjavik ISL"]
[Date "1984.02.20"]
[Round "6"]
[White "Karlsson, Agust Sindri"]
[Black "Thorhallsson, Throestur"]
[Result "1-0"]
[WhiteElo "2285"]
[BlackElo "2315"]
[EventDate "1984.02.14"]
[PlyCount "121"]

1.g3 e5 2.Bg2 Nf6 3.Nf3 Nc6 4.O-O Be7 5.d4 e4 6.Ne5 d6 7.Nxc6 bxc6 8.c4 
O-O 9.d5 cxd5 10.cxd5 Bf5 11.Nc3 Qd7 12.Qd4 Rfe8 13.Qc4 Rab8 14.b3 a5 15.
Bf4 Rec8 16.Qc6 Qxc6 17.dxc6 Rb6 18.Rac1 Kf8 19.f3 exf3 20.Bxf3 h6 21.Be3 
Rbb8 22.Bd4 Be6 23.Kg2 Ng4 24.Bd5 Bf6 25.Bxe6 fxe6 26.h3 Ke7 27.Ba7 Ra8 
28.Nb5 Rxa7 29.Nxa7 Ne3+ 30.Kf3 Ra8 31.Kxe3 Bg5+ 32.Kd3 Bxc1 33.Rxc1 Rxa7 
34.Kc4 Ra8 35.a3 Ra6 36.Kb5 Rb6+ 37.Ka4 d5 38.b4 axb4 39.axb4 Kd6 40.b5 
Rb8 41.Kb4 Rf8 42.Re1 g5 43.e4 d4 44.Rd1 e5 45.Rc1 Rf2 46.Kc4 Rf3 47.Kb4 
Rf2 48.Kc4 h5 49.Kb4 d3 50.Rd1 d2 51.Ka5 Kc5 52.Ka6 h4 53.b6 cxb6 54.c7 
Rf8 55.Rxd2 Rc8 56.gxh4 gxh4 57.Kb7 Rxc7+ 58.Kxc7 b5 59.Rd5+ Kc4 60.Rxe5 
b4 61.Kc6 1-0

[Event "11th Reykjavik op"]
[Site "Reykjavik ISL"]
[Date "1984.02.20"]
[Round "6"]
[White "Kristjansson, Bragi"]
[Black "Jonsson, Bjorgvin"]
[Result "1-0"]
[WhiteElo "2295"]
[BlackElo "2255"]
[EventDate "1984.02.14"]
[PlyCount "56"]

1.e4 c5 2.c3 d5 3.exd5 Qxd5 4.d4 e6 5.Nf3 Nf6 6.Be2 Be7 7.Na3 O-O 8.O-O 
Rd8 9.Nb5 Na6 10.c4 Qf5 11.Be3 Bd7 12.Nc3 cxd4 13.Nxd4 Qa5 14.a3 e5 15.b4 
Qc7 16.Nf3 Bg4 17.Qc2 Bh5 18.Rfd1 e4 19.Ng5 Bxe2 20.Nxe2 Rxd1+ 21.Rxd1 Rd8
22.Rd4 Rxd4 23.Bxd4 Ng4 24.Qxe4 Qxh2+ 25.Kf1 Qh1+ 26.Ng1 Qh5 27.Qxe7 Ne3+ 
28.Qxe3 Qd1+ 1-0

[Event "11th Reykjavik op"]
[Site "Reykjavik ISL"]
[Date "1984.02.20"]
[Round "6"]
[White "McCambridge, Vincent"]
[Black "King, Daniel John"]
[Result "0-1"]
[WhiteElo "2465"]
[BlackElo "2435"]
[EventDate "1984.02.14"]
[PlyCount "78"]

1.d4 Nf6 2.c4 e6 3.Nc3 Bb4 4.e3 c5 5.Bd3 d5 6.Ne2 Nc6 7.O-O dxc4 8.Bxc4 
O-O 9.a3 Bxc3 10.bxc3 e5 11.Bb2 Bf5 12.f3 Qb6 13.Qd2 Na5 14.Ba2 Be6 15.
dxe5 Bxa2 16.exf6 Rfd8 17.Qc2 Bb3 18.Qf5 Rd2 19.Ng3 Rxb2 20.Ne4 g6 21.Qg5 
Qd8 22.Nxc5 h6 23.Qxh6 Qxf6 24.Ne4 Qe5 25.Rab1 Rxb1 26.Rxb1 b6 27.h4 Rc8 
28.Rb2 Rd8 29.Qg5 Qxg5 30.hxg5 Kf8 31.Kf2 Ke7 32.Kg3 Rd3 33.Kf4 Bd5 34.Nf6
Bc6 35.Rc2 Nc4 36.e4 Nxa3 37.Rc1 Nc4 38.Rh1 a5 39.e5 a4 0-1

[Event "11th Reykjavik op"]
[Site "Reykjavik ISL"]
[Date "1984.02.20"]
[Round "6"]
[White "Meyer, Holger"]
[Black "Lobron, Eric"]
[Result "0-1"]
[WhiteElo "2305"]
[BlackElo "2520"]
[EventDate "1984.02.14"]
[PlyCount "114"]

1.d4 Nf6 2.c4 c5 3.d5 e6 4.Nc3 exd5 5.cxd5 d6 6.e4 g6 7.f4 Bg7 8.Bb5+ Nfd7
9.a4 a6 10.Be2 Qh4+ 11.g3 Qd8 12.Nf3 O-O 13.O-O Re8 14.Kg2 h6 15.f5 Nf8 
16.f6 Bxf6 17.Bxh6 Nbd7 18.Qd2 Nh7 19.Rf2 b6 20.Raf1 Ra7 21.h4 Ne5 22.Ng5 
Bxg5 23.Bxg5 Nxg5 24.hxg5 f5 25.gxf6 Rh7 26.Rh1 Rxh1 27.Kxh1 Kf7 28.Rh2 
Rh8 29.Qf4 Rxh2+ 30.Kxh2 Qxf6 31.b3 g5 32.Qxf6+ Kxf6 33.Kg2 Ng4 34.Nb1 Ke5
35.Nd2 Kd4 36.Bc4 Ne5 37.Kf2 Kc3 38.Ke3 Ng4+ 39.Ke2 Ne5 40.Ke3 Kb4 41.Bf1 
Ng4+ 42.Kd3 Ne5+ 43.Kc2 b5 44.axb5 axb5 45.Be2 Bh3 46.Nb1 Bg4 47.Bf1 Bd7 
48.Be2 c4 49.bxc4 bxc4 50.Kd2 Bg4 51.Bf1 Kb3 52.Bg2 Bf3 53.Bxf3 Nxf3+ 54.
Ke3 g4 55.Kf4 Kb2 56.Nd2 Nxd2 57.e5 dxe5+ 0-1

[Event "11th Reykjavik op"]
[Site "Reykjavik ISL"]
[Date "1984.02.20"]
[Round "6"]
[White "Nykopp, Jan-Michael"]
[Black "Halldorsson, Bragi"]
[Result "1-0"]
[WhiteElo "2300"]
[BlackElo "2250"]
[EventDate "1984.02.14"]
[PlyCount "95"]

1.e4 c6 2.d4 d5 3.exd5 cxd5 4.c4 Nf6 5.Nc3 e6 6.Nf3 Be7 7.Bd3 O-O 8.O-O 
Nc6 9.Re1 dxc4 10.Bxc4 b6 11.Bg5 Bb7 12.a3 a6 13.Ba2 b5 14.Bb1 b4 15.Na4 
bxa3 16.bxa3 Nd7 17.Bxe7 Nxe7 18.Bxh7+ Kxh7 19.Qb1+ Kg8 20.Qxb7 Nd5 21.Nc5
Nxc5 22.dxc5 Qa5 23.Qb3 Qxc5 24.Rac1 Qd6 25.Qd3 Rfd8 26.Ng5 Nf6 27.Qxd6 
Rxd6 28.Rc7 Nd7 29.g3 Rb8 30.Rec1 Kf8 31.Ra7 Rb5 32.h4 Ke7 33.Rcc7 f5 34.
Rc8 e5 35.Rg8 Kf6 36.Re8 Rbb6 37.Kg2 e4 38.a4 Rbc6 39.a5 Rd1 40.Rc7 Rdd6 
41.Rb7 Rd1 42.Ra7 Kg6 43.Re7 Rcc1 44.Nh3 Nf6 45.Rxg7+ Kh6 46.Rgf7 Rd6 47.
Nf4 e3 48.Rg7 1-0

[Event "11th Reykjavik op"]
[Site "Reykjavik ISL"]
[Date "1984.02.20"]
[Round "6"]
[White "Ornstein, Axel"]
[Black "Alburt, Lev"]
[Result "1-0"]
[WhiteElo "2405"]
[BlackElo "2515"]
[EventDate "1984.02.14"]
[PlyCount "129"]

1.e4 Nf6 2.e5 Nd5 3.d4 d6 4.Nf3 Bg4 5.Be2 e6 6.O-O Be7 7.h3 Bh5 8.c4 Nb6 
9.Nc3 O-O 10.Be3 d5 11.cxd5 exd5 12.g4 Bg6 13.Ne1 f5 14.Nd3 c6 15.Nf4 Qd7 
16.Kh2 Na6 17.Nxg6 hxg6 18.gxf5 gxf5 19.Bxa6 bxa6 20.Rg1 f4 21.Rxg7+ Kxg7 
22.Qh5 Rf5 23.Rg1+ Rg5 24.Rxg5+ Bxg5 25.Qxg5+ Kh7 26.Bxf4 Qe6 27.Ne2 Rf8 
28.Qh4+ Kg8 29.Bg5 Nc4 30.Bf6 Rxf6 31.exf6 Kf7 32.Qh5+ Kxf6 33.b3 Nd6 34.
Qh6+ Ke7 35.Qxe6+ Kxe6 36.h4 Kf5 37.f3 a5 38.Kg3 Nb7 39.Kf2 a4 40.bxa4 Na5
41.Nc1 Nc4 42.Nd3 a5 43.Ke2 Na3 44.Ne5 c5 45.Nc6 c4 46.Nxa5 Nb1 47.Nc6 
Nc3+ 48.Kd2 Nxa4 49.Nb4 Nb6 50.Ke3 Kg6 51.f4 Kh5 52.f5 Kxh4 53.Kf4 Kh5 54.
Ke5 Kh6 55.Ke6 Kg7 56.a4 Nxa4 57.Ke7 Nb6 58.f6+ Kg6 59.f7 Nc8+ 60.Kd8 Kxf7
61.Kxc8 Ke6 62.Kc7 Kf5 63.Kc6 Ke4 64.Kc5 c3 65.Na2 1-0

[Event "11th Reykjavik op"]
[Site "Reykjavik ISL"]
[Date "1984.02.20"]
[Round "6"]
[White "Ostermeyer, Peter"]
[Black "Hansson, Dan"]
[Result "1-0"]
[WhiteElo "2460"]
[BlackElo "2320"]
[EventDate "1984.02.14"]
[PlyCount "89"]

1.c4 Nf6 2.Nf3 g6 3.b3 Bg7 4.Bb2 O-O 5.g3 d6 6.Bg2 e5 7.O-O Nc6 8.Nc3 Nd4 
9.Ne1 c5 10.e3 Nc6 11.Nc2 Bg4 12.f3 Be6 13.e4 a6 14.Nd5 Bxd5 15.cxd5 Nd4 
16.Nxd4 exd4 17.d3 a5 18.a3 Qb6 19.Bc1 Ne8 20.f4 Nc7 21.f5 Ne8 22.g4 a4 
23.Rb1 axb3 24.Rxb3 Qa6 25.g5 Be5 26.f6 b5 27.Qe2 Qa4 28.Rb1 Rc8 29.h4 c4 
30.Rb4 cxd3 31.Qxd3 Rc3 32.Qxb5 Qxb5 33.Rxb5 Bg3 34.Bb2 Nc7 35.Rb7 Rc2 36.
Bxd4 Bxh4 37.e5 Bxg5 38.exd6 Ne8 39.Be5 Be3+ 40.Kh2 Bc5 41.d7 Nd6 42.Rc7 
Rd8 43.Rxc5 Rxc5 44.Bxd6 Rc2 45.Re1 1-0

[Event "11th Reykjavik op"]
[Site "Reykjavik ISL"]
[Date "1984.02.20"]
[Round "6"]
[White "Petursson, Palmi"]
[Black "Cramling, Pia"]
[Result "0-1"]
[WhiteElo "2370"]
[BlackElo "2405"]
[EventDate "1984.02.14"]
[PlyCount "35"]

1.e4 c5 2.Nf3 e6 3.d4 cxd4 4.Nxd4 Nc6 5.Nc3 a6 6.Bc4 Qc7 7.Bb3 Nf6 8.Be3 
b5 9.Nxc6 dxc6 10.O-O c5 11.e5 Nd7 12.Nd5 exd5 13.Qxd5 Nb6 14.Qf3 Bb7 15.
Qg3 c4 16.e6 Qxg3 17.exf7+ Kd7 18.hxg3 0-1

[Event "11th Reykjavik op"]
[Site "Reykjavik ISL"]
[Date "1984.02.20"]
[Round "6"]
[White "Ree, Hans"]
[Black "Hoei, Carsten"]
[Result "1-0"]
[WhiteElo "2480"]
[BlackElo "2400"]
[EventDate "1984.02.14"]
[PlyCount "91"]

1.d4 Nf6 2.c4 g6 3.Nc3 Bg7 4.e4 d6 5.f3 O-O 6.Be3 a6 7.Qd2 e5 8.d5 c5 9.
Bd3 Nbd7 10.Nge2 Nh5 11.O-O-O b5 12.cxb5 axb5 13.Nxb5 Nb6 14.Nec3 Ba6 15.
b3 Qd7 16.a4 Rfb8 17.Kc2 Nf4 18.Bf1 c4 19.Bxc4 Nxc4 20.bxc4 Bxb5 21.axb5 
Qc7 22.Ra1 Qxc4 23.b6 Rc8 24.Rhb1 Ra2+ 25.Rxa2 Qxa2+ 26.Rb2 Qa4+ 27.Kb1 
Qa6 28.Nb5 Ra8 29.Qc3 Qa1+ 30.Kc2 Qa4+ 31.Kd2 Nxg2 32.b7 Rf8 33.Nxd6 Qa1 
34.b8=Q Qe1+ 35.Kd3 Qxe3+ 36.Kc4 Qg5 37.Rxg2 Qxg2 38.Qbb2 Qg1 39.Qcc1 Qa7 
40.Kd3 Rb8 41.Nb5 Qa4 42.Qcc2 Qa6 43.Qc4 Qf6 44.Ke2 Qg5 45.Kf1 Qe3 46.Qf2 
1-0

[Event "11th Reykjavik op"]
[Site "Reykjavik ISL"]
[Date "1984.02.20"]
[Round "6"]
[White "Schuessler, Harry"]
[Black "Balashov, Yury"]
[Result "1/2-1/2"]
[WhiteElo "2445"]
[BlackElo "2535"]
[EventDate "1984.02.14"]
[PlyCount "50"]

1.d4 Nf6 2.Nf3 e6 3.c4 Bb4+ 4.Bd2 Qe7 5.g3 O-O 6.Bg2 Bxd2+ 7.Qxd2 d6 8.O-O
e5 9.Nc3 Re8 10.e4 Bg4 11.Ne1 Nc6 12.Nc2 exd4 13.Nd5 Qd8 14.f3 Be6 15.Nxd4
Nxd4 16.Qxd4 Nd7 17.Rad1 Ne5 18.c5 Bxd5 19.Qxd5 dxc5 20.Qxc5 Qe7 21.Qxe7 
Rxe7 22.f4 Nc4 23.Rd4 Ne3 24.Rc1 Nxg2 25.Kxg2 f6 1/2-1/2

[Event "11th Reykjavik op"]
[Site "Reykjavik ISL"]
[Date "1984.02.20"]
[Round "6"]
[White "Shamkovich, Leonid"]
[Black "Olafsson, Fridrik"]
[Result "1/2-1/2"]
[WhiteElo "2450"]
[BlackElo "2495"]
[EventDate "1984.02.14"]
[PlyCount "72"]

1.c4 g6 2.d4 Bg7 3.Nc3 d6 4.e4 c6 5.Be3 a6 6.d5 Nf6 7.Nf3 O-O 8.Be2 b5 9.
dxc6 b4 10.Nd5 Nxc6 11.Qc2 Nd7 12.Rd1 e6 13.Nf4 Qc7 14.O-O Nc5 15.Ne1 a5 
16.f3 a4 17.Qd2 Rd8 18.Ned3 Rb8 19.Nc1 Ba6 20.b3 Qa5 21.Qc2 axb3 22.axb3 
Qa1 23.Ncd3 Nd4 24.Qd2 Qc3 25.Nxb4 Nxe2+ 26.Nxe2 Qxb4 27.Qxb4 Rxb4 28.Bxc5
Rxb3 29.Rxd6 Rxd6 30.Bxd6 Bxc4 31.Rc1 Ba6 32.Rc6 Rb1+ 33.Kf2 Ra1 34.e5 Ra2
35.Kg3 h5 36.Nc3 Rc2 1/2-1/2

[Event "11th Reykjavik op"]
[Site "Reykjavik ISL"]
[Date "1984.02.20"]
[Round "6"]
[White "Sigurjonsson, Gudmundur"]
[Black "Gudmundsson, Elvar"]
[Result "1/2-1/2"]
[WhiteElo "2470"]
[BlackElo "2330"]
[EventDate "1984.02.14"]
[PlyCount "63"]

1.e4 c5 2.Nf3 e6 3.d4 cxd4 4.Nxd4 Nc6 5.Nc3 Qc7 6.Be2 a6 7.O-O Nf6 8.Kh1 
Nxd4 9.Qxd4 Bc5 10.Qd3 b5 11.a3 Bb7 12.Be3 O-O 13.Rad1 d5 14.e5 Ne4 15.
Nxe4 dxe4 16.Qd7 Qxd7 17.Rxd7 Bxe3 18.fxe3 Bd5 19.Bh5 f5 20.exf6 Rxf6 21.
Kg1 Rc8 22.c3 a5 23.Bg4 Rxf1+ 24.Kxf1 b4 25.axb4 axb4 26.cxb4 Rb8 27.Rc7 
Rxb4 28.Rc2 Kf7 29.Ke1 Kf6 30.Be2 Ke5 31.Kd2 Rb3 32.Bf1 1/2-1/2

[Event "11th Reykjavik op"]
[Site "Reykjavik ISL"]
[Date "1984.02.20"]
[Round "6"]
[White "Solmundarson, Magnus"]
[Black "Knezevic, Milorad"]
[Result "0-1"]
[WhiteElo "2265"]
[BlackElo "2450"]
[EventDate "1984.02.14"]
[PlyCount "72"]

1.c4 f5 2.d4 Nf6 3.g3 g6 4.Bg2 Bg7 5.Nh3 Nc6 6.Nc3 O-O 7.Nf4 d6 8.d5 Na5 
9.b3 c5 10.Bb2 a6 11.h4 b5 12.cxb5 axb5 13.Nxb5 Qb6 14.a4 Bd7 15.O-O Rfc8 
16.Qd3 Rab8 17.b4 cxb4 18.Bd4 Qb7 19.h5 Be8 20.hxg6 hxg6 21.Ne6 Bh8 22.Qe3
Ng4 23.Qg5 Bf6 24.Bxf6 exf6 25.Qf4 Bxb5 26.axb5 Nc4 27.Rfc1 Qb6 28.e3 Nce5
29.Qxb4 Rxc1+ 30.Rxc1 Nd3 31.Qc3 Nxc1 32.Qxc1 Qxb5 33.Qc7 Qb7 34.Qxd6 Qb2 
35.Qf4 Qc1+ 36.Bf1 Rb1 0-1

[Event "11th Reykjavik op"]
[Site "Reykjavik ISL"]
[Date "1984.02.20"]
[Round "6"]
[White "Thorsteins, Karl"]
[Black "Burger, Karl"]
[Result "1-0"]
[WhiteElo "2375"]
[BlackElo "2305"]
[EventDate "1984.02.14"]
[PlyCount "43"]

1.d4 Nf6 2.c4 e6 3.Nf3 Bb4+ 4.Nbd2 b6 5.a3 Bxd2+ 6.Bxd2 Bb7 7.Bg5 h6 8.Bh4
c5 9.e3 Nc6 10.Bd3 Ne7 11.b4 a5 12.bxc5 bxc5 13.Rb1 Ra7 14.dxc5 Qc8 15.Bg3
Qxc5 16.Bb8 Nc8 17.Bxa7 Qxa7 18.Qb3 Bxf3 19.gxf3 O-O 20.Qc3 Ne7 21.Rb5 Nc6
22.Qxf6 1-0

[Event "11th Reykjavik op"]
[Site "Reykjavik ISL"]
[Date "1984.02.20"]
[Round "6"]
[White "Wedberg, Tom"]
[Black "Reshevsky, Samuel Herman"]
[Result "1/2-1/2"]
[WhiteElo "2495"]
[BlackElo "2460"]
[EventDate "1984.02.14"]
[PlyCount "62"]

1.e4 e5 2.Nf3 Nc6 3.Bb5 a6 4.Ba4 Nf6 5.O-O Be7 6.Bxc6 dxc6 7.d3 Nd7 8.Nbd2
O-O 9.Nc4 f6 10.Nh4 Nc5 11.Qf3 Be6 12.Ne3 g6 13.Qg3 Kh8 14.b3 Bf7 15.f4 
exf4 16.Rxf4 Ne6 17.Rf2 Bd6 18.Qg4 Be5 19.Rb1 Ng5 20.Qe2 Be6 21.Bb2 Bxb2 
22.Rxb2 Qd4 23.Rb1 a5 24.Nd1 Rad8 25.Kh1 b5 26.Qe3 c5 27.Qf4 c4 28.Nf3 
Nxf3 29.Rxf3 cxb3 30.axb3 Qc5 31.c3 g5 {..48} 1/2-1/2

[Event "11th Reykjavik op"]
[Site "Reykjavik ISL"]
[Date "1984.02.20"]
[Round "6"]
[White "Wesseln, Kai"]
[Black "Angantysson, Haukur"]
[Result "1-0"]
[WhiteElo "2350"]
[BlackElo "2395"]
[EventDate "1984.02.14"]
[PlyCount "59"]

1.d4 Nf6 2.c4 c5 3.d5 e6 4.Nc3 exd5 5.cxd5 d6 6.Nf3 g6 7.Nd2 Bg7 8.e4 O-O 
9.Be2 Re8 10.O-O Nbd7 11.f4 c4 12.e5 dxe5 13.Nxc4 exf4 14.Bxf4 Ne4 15.Bf3 
Ndc5 16.Nxe4 Nxe4 17.Re1 Bf5 18.d6 b5 19.d7 Re6 20.Qd5 bxc4 21.Bxe4 Qb6+ 
22.Be3 Bxe4 23.Qxa8+ Bxa8 24.Bxb6 Bf6 25.Rxe6 fxe6 26.d8=Q+ Bxd8 27.Bxd8 
Kf7 28.b3 Bd5 29.bxc4 Bxc4 30.a3 1-0

[Event "11th Reykjavik op"]
[Site "Reykjavik ISL"]
[Date "1984.02.21"]
[Round "7"]
[White "Alburt, Lev"]
[Black "Thorsteins, Karl"]
[Result "1/2-1/2"]
[WhiteElo "2515"]
[BlackElo "2375"]
[EventDate "1984.02.14"]
[PlyCount "75"]

1.d4 Nf6 2.Bg5 Ne4 3.Bh4 g5 4.Bg3 Bg7 5.e3 c5 6.c3 d5 7.Nd2 Nxg3 8.hxg3 
cxd4 9.exd4 Nc6 10.Bd3 h6 11.f4 Qd6 12.Qf3 Bd7 13.Ne2 O-O-O 14.Qh5 e5 15.
fxe5 Bxe5 16.O-O-O Bxg3 17.Qf3 Bf4 18.Nxf4 gxf4 19.Rh4 Rhg8 20.Bf1 h5 21.
Qxf4 Bg4 22.Qxd6 Rxd6 23.Nf3 Re8 24.Re1 Rxe1+ 25.Nxe1 Rf6 26.Nf3 Ne7 27.
Bd3 Ng6 28.Rh2 Nf4 29.Bf1 Kc7 30.Rh1 Kd6 31.Kd2 Bxf3 32.gxf3 Ke6 33.Bb5 
Rg6 34.Ke3 Ng2+ 35.Kf2 Nf4 36.Ke3 Ng2+ 37.Kf2 Nf4 38.Ke3 1/2-1/2

[Event "11th Reykjavik op"]
[Site "Reykjavik ISL"]
[Date "1984.02.21"]
[Round "7"]
[White "Bergmann, Throstur"]
[Black "Angantysson, Haukur"]
[Result "0-1"]
[WhiteElo "2240"]
[BlackElo "2395"]
[EventDate "1984.02.14"]
[PlyCount "44"]

1.Nf3 c5 2.c4 Nc6 3.Nc3 g6 4.g3 Bg7 5.Bg2 e6 6.O-O Nge7 7.d4 Nxd4 8.Nxd4 
cxd4 9.Nb5 O-O 10.Nxd4 d5 11.cxd5 Nxd5 12.e4 Nb6 13.Nb5 Qxd1 14.Rxd1 Bd7 
15.Nd6 Bc6 16.f4 Rfd8 17.e5 Bxg2 18.Kxg2 Nc4 19.Rd4 Nxe5 20.Rd2 Nc6 21.
Nxb7 Rd5 22.Rb1 Nd4 0-1

[Event "11th Reykjavik op"]
[Site "Reykjavik ISL"]
[Date "1984.02.21"]
[Round "7"]
[White "Bjarnason, Saevar"]
[Black "Halldorsson, Gudmundur"]
[Result "0-1"]
[WhiteElo "2375"]
[BlackElo "2260"]
[EventDate "1984.02.14"]
[PlyCount "72"]

1.e4 e5 2.Nf3 Nc6 3.Bb5 a6 4.Ba4 Nf6 5.d4 exd4 6.O-O Be7 7.Re1 O-O 8.e5 
Ne8 9.Nxd4 Nxd4 10.Qxd4 d6 11.Nc3 c5 12.Qe4 Nc7 13.Bb3 dxe5 14.Qxe5 Bd6 
15.Qh5 Be6 16.Bg5 Qc8 17.Ne4 Be5 18.Be7 Bxb2 19.Rab1 c4 20.Rxb2 Re8 21.Nd6
Qd7 22.Nxe8 Rxe8 23.Bxc4 Bxc4 24.Rxb7 Rxe7 25.Rxe7 Qxe7 26.h3 Qe1+ 27.Kh2 
Ne8 28.Qc5 Qe6 29.Rb6 Qe2 30.a4 h6 31.Rb8 Ba2 32.Rc8 Kh7 33.c4 Qe6 34.Rc6 
Qe4 35.Rxa6 Bxc4 36.Rc6 Bd5 0-1

[Event "11th Reykjavik op"]
[Site "Reykjavik ISL"]
[Date "1984.02.21"]
[Round "7"]
[White "Bjornsson, Tomas"]
[Black "Halldorsson, Bragi"]
[Result "0-1"]
[WhiteElo "2220"]
[BlackElo "2250"]
[EventDate "1984.02.14"]
[PlyCount "89"]

1.e4 c6 2.d4 d5 3.Nd2 dxe4 4.Nxe4 Bf5 5.Ng3 Bg6 6.h4 h6 7.Nf3 Nd7 8.h5 Bh7
9.Bd3 Ngf6 10.Bxh7 Nxh7 11.Qe2 e6 12.Bf4 Be7 13.O-O-O b5 14.Ne4 Nb6 15.Ne5
Rc8 16.Qg4 Ng5 17.Bxg5 Bxg5+ 18.f4 Bf6 19.Qf3 Qd5 20.Kb1 Be7 21.g4 f5 22.
gxf5 exf5 23.Ng3 Qxf3 24.Nxf3 O-O 25.Ne5 Nd5 26.Ng6 Bd6 27.Nxf8 Rxf8 28.
Rdf1 Bxf4 29.Ne2 Be3 30.c3 f4 31.Rh3 Rf5 32.b3 Rg5 33.c4 bxc4 34.bxc4 Nb6 
35.Nxf4 Nxc4 36.Kc2 Nd2 37.Rxe3 Nxf1 38.Re7 a5 39.Ne6 Ne3+ 40.Kd3 Nd5 41.
Nxg5 Nxe7 42.Nf3 Nd5 43.Kc4 Nf4 44.Ne5 Nxh5 45.Nxc6 0-1

[Event "11th Reykjavik op"]
[Site "Reykjavik ISL"]
[Date "1984.02.21"]
[Round "7"]
[White "Burger, Karl"]
[Black "Lagerman, Robert"]
[Result "1/2-1/2"]
[WhiteElo "2305"]
[BlackElo "2295"]
[EventDate "1984.02.14"]
[PlyCount "89"]

1.d4 Nf6 2.c4 e6 3.Nf3 c5 4.d5 exd5 5.cxd5 d6 6.Nc3 g6 7.Nd2 Bg7 8.e4 O-O 
9.Be2 Re8 10.O-O Nbd7 11.f4 a6 12.a4 c4 13.Kh1 Qc7 14.e5 dxe5 15.Nxc4 e4 
16.Be3 b6 17.Qb3 Rb8 18.f5 Nc5 19.Qa2 Bxf5 20.Bf4 Qd7 21.Nd6 Bg4 22.Nxe8 
Rxe8 23.Bc4 Bf5 24.Be3 Ng4 25.Bg1 e3 26.d6 Nd3 27.Bxd3 Bxd3 28.Rf3 Bxc3 
29.bxc3 Be4 30.Rf4 g5 31.Rff1 Bb7 32.Qe2 h5 33.Rad1 h4 34.Rd4 Nh6 35.Bxe3 
h3 36.Kg1 hxg2 37.Re1 Nf5 38.Qg4 f6 39.Rd5 Bc8 40.Rxf5 Qxf5 41.Qxf5 Bxf5 
42.Kxg2 Rd8 43.Rd1 b5 44.axb5 axb5 45.Kg3 1/2-1/2

[Event "11th Reykjavik op"]
[Site "Reykjavik ISL"]
[Date "1984.02.21"]
[Round "7"]
[White "Byrne, Robert"]
[Black "Shamkovich, Leonid"]
[Result "1/2-1/2"]
[WhiteElo "2520"]
[BlackElo "2450"]
[EventDate "1984.02.14"]
[PlyCount "69"]

1.e4 g6 2.d4 Bg7 3.Nc3 d6 4.Be3 Nf6 5.h3 O-O 6.g4 c6 7.Bg2 e5 8.Nge2 Nbd7 
9.a4 exd4 10.Bxd4 Qe7 11.O-O Nc5 12.Ng3 Ne8 13.f4 Bxd4+ 14.Qxd4 f6 15.Rae1
Bd7 16.e5 fxe5 17.fxe5 Rxf1+ 18.Nxf1 d5 19.Nd2 Ne6 20.Qf2 N8c7 21.a5 Qc5 
22.Qxc5 Nxc5 23.b4 N5e6 24.Nb3 Rf8 25.Na4 Rf4 26.c3 Kf7 27.Rf1 Rxf1+ 28.
Bxf1 Ke7 29.Kf2 Nd8 30.Nac5 Nce6 31.Ke3 Bc8 32.Nd4 Nxc5 33.bxc5 Nf7 34.Nf3
Nd8 35.Nd4 1/2-1/2

[Event "11th Reykjavik op"]
[Site "Reykjavik ISL"]
[Date "1984.02.21"]
[Round "7"]
[White "Cramling, Pia"]
[Black "Sigurjonsson, Gudmundur"]
[Result "1/2-1/2"]
[WhiteElo "2405"]
[BlackElo "2470"]
[EventDate "1984.02.14"]
[PlyCount "42"]

1.e4 c5 2.Nf3 d6 3.d4 cxd4 4.Nxd4 Nf6 5.Nc3 a6 6.f4 e5 7.Nf3 Nbd7 8.a4 Be7
9.Bd3 O-O 10.O-O Re8 11.Kh1 exf4 12.Bxf4 Nc5 13.Bc4 Be6 14.Bd5 Nxd5 15.
exd5 Bg4 16.Qd2 Bf6 17.Bg5 Bxf3 18.Bxf6 Qxf6 19.Rxf3 Qe5 20.Raf1 f6 21.Rf4
Qe3 1/2-1/2

[Event "11th Reykjavik op"]
[Site "Reykjavik ISL"]
[Date "1984.02.21"]
[Round "7"]
[White "Einarsson, Halldor"]
[Black "Hector, Jonny"]
[Result "0-1"]
[WhiteElo "2285"]
[BlackElo "2350"]
[EventDate "1984.02.14"]
[PlyCount "68"]

1.e4 c5 2.Nf3 e6 3.d4 cxd4 4.Nxd4 Nf6 5.Nc3 Bb4 6.e5 Nd5 7.Bd2 Nxc3 8.bxc3
Be7 9.Bd3 d6 10.Nf3 Nc6 11.Qe2 dxe5 12.Nxe5 Nxe5 13.Qxe5 Bf6 14.Qe4 Qc7 
15.O-O Bd7 16.Bf4 Qc6 17.Rab1 b6 18.Qe2 Rd8 19.Rfd1 O-O 20.Be4 Qc8 21.Bd6 
Rfe8 22.Rd3 e5 23.Qf3 Bg4 24.Qg3 Be6 25.Qf3 Bxa2 26.Ra1 Bc4 27.Rdd1 a5 28.
Qe3 b5 29.Rxa5 Be7 30.Qb6 Qe6 31.Ra6 b4 32.Bd5 Bxd5 33.Bxe7 Qg4 34.Rxd5 
Qd1+ 0-1

[Event "11th Reykjavik op"]
[Site "Reykjavik ISL"]
[Date "1984.02.21"]
[Round "7"]
[White "Gretarsson, Andri Ass"]
[Black "Haraldsson, Haraldur"]
[Result "1-0"]
[WhiteElo "2225"]
[BlackElo "2215"]
[EventDate "1984.02.14"]
[PlyCount "157"]

1.d3 d5 2.g3 e5 3.Bg2 Nf6 4.Nf3 Nc6 5.O-O Be7 6.Nbd2 O-O 7.e4 dxe4 8.dxe4 
Bg4 9.h3 Be6 10.Qe2 Nd7 11.Rd1 Bc5 12.c3 a5 13.Nc4 f6 14.Ne3 Ne7 15.Nh4 g6
16.Ng4 Nc8 17.Kh2 Nd6 18.f4 exf4 19.gxf4 Bc4 20.Qe1 Qe7 21.b3 Be6 22.f5 
Bf7 23.b4 Bb6 24.Be3 Bxe3 25.Qxe3 g5 26.Nh6+ Kg7 27.Nxf7 Nxf7 28.Nf3 axb4 
29.cxb4 Rfd8 30.a3 Nfe5 31.Nd4 Nf8 32.Rac1 c6 33.Rc3 Rd6 34.Rc2 Rad8 35.
Qc3 Rxd4 36.Rxd4 Nf3+ 37.Bxf3 Qe5+ 38.Kg2 Qxd4 39.a4 Qxc3 40.Rxc3 Rd2+ 41.
Kg3 Nd7 42.b5 Ne5 43.bxc6 bxc6 44.Ra3 Rd7 45.a5 Ra7 46.Be2 Kf7 47.Kf2 Ke7 
48.Ke3 Kd6 49.a6 h5 50.Ra4 h4 51.Ra1 Kc7 52.Kd4 Kd6 53.Ra5 Ra8 54.Ra1 Rb8 
55.Kc3 Kc5 56.Rd1 Rh8 57.Rb1 Kd6 58.a7 Ra8 59.Rb7 Nd7 60.Bc4 g4 61.hxg4 h3
62.Bf1 h2 63.Bg2 Nc5 64.Rf7 Ke5 65.Kc4 Na4 66.Re7+ Kf4 67.e5 fxe5 68.Kb4 
Nb6 69.Bxc6 Rc8 70.Bb7 Rf8 71.Kb5 Na8 72.f6 Kxg4 73.f7 Kg3 74.Kc5 e4 75.
Bxe4 Kf2 76.Rb7 Kg1 77.Kd6 h1=Q 78.Bxh1 Kxh1 79.Ke7 1-0

[Event "11th Reykjavik op"]
[Site "Reykjavik ISL"]
[Date "1984.02.21"]
[Round "7"]
[White "Gudmundsson, Elvar"]
[Black "Gutman, Lev"]
[Result "0-1"]
[WhiteElo "2330"]
[BlackElo "2480"]
[EventDate "1984.02.14"]
[PlyCount "82"]

1.d4 Nf6 2.c4 g6 3.Nc3 Bg7 4.Nf3 O-O 5.Bg5 h6 6.Bh4 c5 7.d5 b5 8.cxb5 a6 
9.e4 d6 10.bxa6 Qb6 11.Rb1 Nh5 12.Bb5 Bxa6 13.a4 Bxb5 14.axb5 Nd7 15.O-O 
g5 16.Nd2 Nf4 17.Nc4 Qa7 18.Bg3 Bxc3 19.bxc3 Qa4 20.Bxf4 Qxc4 21.Be3 Qxe4 
22.Re1 Qf5 23.Qh5 Kh7 24.c4 Ra4 25.h4 Nf6 26.Qe2 gxh4 27.b6 h3 28.b7 Rb8 
29.Bxc5 dxc5 30.Qxe7 Ng4 31.Qh4 Rxc4 32.f3 Qc2 33.Qg3 Qf2+ 34.Qxf2 h2+ 35.
Kh1 Nxf2+ 36.Kxh2 Rb4 37.Ra1 R8xb7 38.Ra3 Rd4 39.Kg1 Nd3 40.Rd1 c4 41.Ra4 
Rd7 0-1